00770nam a22001935i 4500001000700000003000900007005001700016008004100033040002000074100003500094245011400129250009900243260009500342300002200437700002400459700002100483752002400504852004800528166018ES-MaACL20251005063131.0960328s1856 sp |||| | spa d aCYL bspa cCYL1 aTapia, Eugenio de, d1776-186010aManual teórico-práctico de los juicios de inventario y partición de herencias / cpor Eugenio de Tapia. a4ª ed. aum. y ref. con arreglo á las disposiciones de la nueva ley de enjuiciamiento civil. aMadrid : bSe halla en la libreria de Perez, editor, c1856 (fImprenta de Cipriano Lopez) a520 p. ; c16 cm.11aPerez, Libreria de.11aLopez, Cipriano. aEspaña - dMadrid aES-MaACLjD-3865 z-- Enc. pasta española